Sub-Saharan Africa Map Quiz Stats

Quiz not verified by Sporcle

Also try: London Underground
Challenge
Share
Tweet
Score 0/20 Timer 20:00
0 Plays Today
% Correct
Madagascar
87.9%
South Africa
87.4%
Niger
86.5%
Somalia
80.9%
Kenya
79.5%
Ethiopia
79.1%
Nigeria
79.1%
Democratic Republic of the Congo
73%
Angola
69.8%
Zimbabwe
69.3%
% Correct
South Sudan
68.8%
Congo
67.9%
Liberia
62.8%
Senegal
62.8%
Sierra Leone
61.4%
Eritrea
57.7%
Guinea
55.8%
Cote d'Ivoire
42.8%
Rwanda
40.5%
United Republic of Tanzania
14.4%

You're not logged in!

Compare scores with friends on all Sporcle quizzes.
Sign Up with Email
OR
Log In

You Might Also Like...

Show Comments

Extras

Top Quizzes Today


Score Distribution

Your Account Isn't Verified!

In order to create a playlist on Sporcle, you need to verify the email address you used during registration. Go to your Sporcle Settings to finish the process.

Report this User

Report this user for behavior that violates our Community Guidelines.

Details: